Celebrity Sorting IV Quiz Stats

 Plays Quiz Updated Jul 22, 2019

Score 0/10 Timer 02:00
69 Plays Today
% Correct
Actor
98%
Author
96.8%
Musician
96.1%
Director
95.6%
Athlete
95.2%
Artist
94.9%
Politician
81.7%
Reporter|Journalist
75.8%
Religious Leader
75.1%
Entrepreneur|Businessperson
66.8%

You're not logged in!

Compare scores with friends on all Sporcle quizzes.
OR
Log In

Sporcle TV

Today on Sporcle TV


Watch our educational content, quiz creation guides, and fun videos on Sporcle TV.

Show Comments

Extras

Top Quizzes Today


Score Distribution

Your Account Isn't Verified!

In order to create a playlist on Sporcle, you need to verify the email address you used during registration. Go to your Sporcle Settings to finish the process.

Report this User

Report this user for behavior that violates our Community Guidelines.

Details: